ბათუმის შოთა რუსთაველის სახელმწიფო უნივერსიტეტის ბიბლიოთეკა

ÜberSetzungs-wissenschaft : (ბიბ.ჩანაწერი № 55662)

000 -LEADER
fixed length control field 00657nam a2200241Ia 4500
001 - CONTROL NUMBER
control field 22757
003 - CONTROL NUMBER IDENTIFIER
control field GE_BSU
005 - DATE AND TIME OF LATEST TRANSACTION
control field 20220527132649.0
008 - FIXED-LENGTH DATA ELEMENTS--GENERAL INFORMATION
fixed length control field 181216s2015||||gw |||||||||||||| ||gem||
020 ## - INTERNATIONAL STANDARD BOOK NUMBER
International Standard Book Number 9783823369424
040 ## - CATALOGING SOURCE
Transcribing agency GE_BSU
041 ## - LANGUAGE CODE
Language code of text/sound track or separate title gem
080 ## - UNIVERSAL DECIMAL CLASSIFICATION NUMBER
Universal Decimal Classification number 81 S-58
100 ## - MAIN ENTRY--PERSONAL NAME
Personal name Siever, Holger
9 (RLIN) 13863
245 ## - TITLE STATEMENT
Title ÜberSetzungs-wissenschaft :
Remainder of title Eine Einfuhrung /
Statement of responsibility, etc. Holger Siever
264 ## - PRODUCTION, PUBLICATION, DISTRIBUTION, MANUFACTURE, AND COPYRIGHT NOTICE
Place of production, publication, distribution, manufacture Tubingen :
Name of producer, publisher, distributor, manufacturer Narr Francke Attempto Verlag,
Date of production, publication, distribution, manufacture, or copyright notice 2015.
300 ## - PHYSICAL DESCRIPTION
Extent 238 p. ;
Other physical details 23 cm.
653 ## - INDEX TERM--UNCONTROLLED
keyword Eine Einfuhrung
653 ## - INDEX TERM--UNCONTROLLED
keyword ÜberSetzungswissenschaft
653 ## - INDEX TERM--UNCONTROLLED
keyword Перевод
653 ## - INDEX TERM--UNCONTROLLED
keyword თარგმანი
942 ## - ADDED ENTRY ELEMENTS (KOHA)
Koha item type წიგნი
Source of classification or shelving scheme
ეგზემპლარები
Withdrawn status Lost status Source of classification or shelving scheme Damaged status Not for loan Permanent Location Current Location Shelving location Date acquired Cost, normal purchase price Full call number Barcode Date last seen Copy number Price effective from Koha item type Public note
          ბათუმის შოთა რუსთაველის სახელმწიფო უნივერსიტეტის მთავარი ბიბლიოთეკა ბათუმის შოთა რუსთაველის სახელმწიფო უნივერსიტეტის მთავარი ბიბლიოთეკა წიგნსაცავი 2018-12-17 101.00 81 S-58 58269 2018-12-17 58269 2018-12-17 წიგნი 101 ლ.